Nadin Amizah songs A-Z - Statistics

General Stats
  • This quiz has been taken 9 times
  • The average score is 10 of 16
Answer Stats
Hint Answer % Correct
A Ah, All good, Amin paling serius
100%
B Bertaut, Berpayung Tuhan, Beranjak Dewasa, Bunga Tidur,Beauty and the beast
100%
K kanyaah, Kereta ini melaju terlalu cepat, Kala sang surya tenggelam, kekal
100%
S Sorai, Sorak Sorai, Star, -Star, Semua Aku Dirayakan,Seperti tulang, Sebuah tarian yang tak kunjung selesai, Seperti takdir yang kita tulis, Selaras
100%
M Mendarah, Menangis di jalan pulang
80%
N Nadin Amizah, Negeriku
80%
R rumpang, Rayuan Perempuan Gila, Reflection
80%
T Tawa, Taruh, Tapi Diterima, Teralih
80%
C Cermin
60%
P Paman tua
60%
D Di Akhir Perang, Dan selesai
40%
H hormat kepada angin
40%
J Jangan ditelan
40%
F forgot password
20%
I Intro
20%
U Untukmu
20%
No matching quizzes found
Score Distribution
Percent of People with Each Score
Percentile by Number Answered
Your Score History
You have not taken this quiz